| 000 | 00630nam a22001337a 4500 | ||
|---|---|---|---|
| 041 | _aENG | ||
| 082 |
_a297 _bRAA |
||
| 100 | _aRaana Bokhari, | ||
| 245 | _aAn Illustrated Guide to Islamic Faith | ||
| 260 |
_aLeicestershire [England], _bSouthwater, Wigston, _c2011 |
||
| 300 |
_a160 pages : illustrations (chiefly color) ; _b30 cm |
||
| 520 | _aIslam is one of the world's younger faiths, yet in its 1400-year history its impact has been astonishing and immense. The purpose of this book is to provide a refreshing and detailed guide to and insight into the beliefs and religious practices of the Islamic faith Print | ||
| 942 | _cBK | ||
| 999 |
_c23467 _d23467 |
||